000 00825nam a2200169 a 4500
008 151214s2006 ||||||||||||||||| || u
020 _a8180617696
050 _aRC 46 Cha
100 _aChandra, Sharad
245 1 0 _aQuick review of PGMEE for various post graduate medical entrance examinations volume 3 : (including surgery, orthopedics, otorhinolaryngology, ophthalmology, obestrics and gynecology, anesthesiology). (3rd ed.)
_cBy Sharad Chandra
250 _a3rd ed.
260 _aNew Delhi
_bJaypee Brothers Medical publishers
_c2006
300 _a506p.: ill.
350 _a98.00
650 _aINTERNAL MEDICINE--EXAMINATIONS, QUESTIONS, ETC
995 _aMEDICAL LIBRARY OPEN ACCESS
_e903218
_FCBU-SCHOOL OF MEDICINE LIBRARY (Ndola)
_I98.00
_jRC 46 Cha
_M1
_UOUT
_WDec 16, 2015
_y903218
_ZMedical Library Open Access Collection
999 _c32566
_d32566